000 01090nam a2200313 i 4500
001 19340
003 ES-MaACL
005 20230906152055.0
007 t|
008 020724s2002 sp ||||0| spa j
020 _a84-8109-367-X Galaxia Gutenberg
020 _a84-226-9291-0 Círculo de Lectores
040 _aM-BN
_bspa
_cM-BN
080 _a929 Mohamed (64) VI
080 _a32(64)"1999/..."
100 1 _aTuquoi, Jean-Pierre.
_9111685
245 1 3 _aEl último rey
_b: crepúsculo de una dinastía /
_cJean-Pierre Tuquoi ; epílogo de Ignacio Cembrero ; traducción de Noemí Sobregués y David Cifuentes.
250 _a1ª ed.
260 _aBarcelona :
_bGalaxia Gutenberg :
_bCírculo de Lectores,
_c2002.
300 _a278 p ;
_c22 cm.
500 _aIndice.
600 1 4 _aMohamed
_bVI
_cRey de Marruecos.
_981793
651 4 _aMarruecos-
_xPolítica y gobierno-
_y1999-
_99033
700 1 _aCembrero, Ignacio.
_937390
700 1 _aSobregués, Noemí.
_9106996
700 1 _aCifuentes, David.
_938803
852 _aES-MaACL
_jL-25774
_bR.131543
999 _c19340
_d19340